[Event "BAN-chT SAIF POWERTEC 2020"]
[Site "Dhaka"]
[Date "2021.03.29"]
[Round "11.2"]
[White "Kovalev, Vladislav"]
[Black "Sadhwani, Raunak"]
[Result "1/2-1/2"]
[WhiteElo "2648"]
[BlackElo "2545"]
[Annotator "TA"]
[PlyCount "67"]
[EventDate "2021.03.19"]
[EventType "team-tourn"]
[EventCountry "BAN"]
[SourceTitle "playchess.com"]
[Source "ChessBase"]
[SourceQuality "1"]

{[%evp 16,67,19,19,22,14,14,13,7,5,13,13,14,8,20,0,22,0,8,4,9,19,16,23,43,41,37,29,88,89,83,85,81,87,104,102,102,79,87,94,103,83,105,106,98,76,97,75,75,0,96,0,67,0]} 1. e4 e5 2. Nf3 Nc6 3. Bb5 Nf6 4. O-O Nxe4 5. Re1 Nd6 6. Nxe5 Be7 7. Bf1 Nxe5 8. Rxe5 O-O 9. d4 Bf6 {C67: Ruy Lopez: Berlin Defence: 4 0-0 Nxe4.} 10. Re2 Nf5 11. d5 d6 {The position is equal.} 12. Nd2 {[%cal Bb1d2,Bd2e4,Be4g5][%mdl 32]} c6 13. Ne4 Be5 14. c3 {[#]} Bd7 $146 ({Predecessor:} 14... cxd5 15. Qxd5 Be6 16. Qd1 h6 17. Re1 Re8 18. Ng3 Qb6 19. Nh5 Rac8 20. Bd3 g6 21. Rxe5 dxe5 {½-½ (67) Vitiugov,N (2722)-Sunilduth Lyna,N (2618) chess.com INT 2020}) 15. Ng5 Bf6 16. Nf3 a5 17. a4 Rc8 18. Bf4 cxd5 19. Qxd5 {[%mdl 64] [#] Double Attack} Rc5 20. Qxb7 Bc6 21. Qa6 g5 (21... Bxf3 $11 {remains equal.} 22. gxf3 d5) 22. Be3 $16 Bxf3 23. gxf3 Nxe3 24. fxe3 Be5 25. Rg2 Kh8 26. Bd3 Qe7 27. Kh1 Bg7 28. Re1 f5 29. Bb1 Re5 30. Qd3 Qb7 31. Rf1 ({Don't play} 31. Qxd6 $6 Qxf3 32. Qd2 g4 $11) 31... Qe7 32. Re1 Qb7 33. Rf1 ({But not} 33. Qxd6 $6 Qxf3 34. Qd2 g4 $11) 33... Qe7 34. Re1 {Weighted Error Value: White=0.13/Black=0.06} (34. Re2 $14) 1/2-1/2

[Event "BAN-chT SAIF POWERTEC 2020"]
[Site "Dhaka"]
[Date "2021.03.29"]
[Round "11.3"]
[White "Mollah Abdullah, Al Rakib"]
[Black "Reefat, Bin-Sattar"]
[Result "1/2-1/2"]
[WhiteElo "2463"]
[BlackElo "2409"]
[Annotator "ChessBase"]
[PlyCount "62"]
[EventDate "2021.03.19"]
[EventType "team-tourn"]
[EventCountry "BAN"]
[SourceTitle "playchess.com"]
[Source "ChessBase"]
[SourceQuality "1"]
[TimeControl "5400+30"]

1. d4 {[%emt 0:00:00]} d5 {[%emt 0:09:27]} 2. c4 {[%emt 0:00:16]} dxc4 {[%emt 0:00:20]} 3. Nf3 {[%emt 0:00:22]} a6 {[%emt 0:00:25]} 4. e3 {[%emt 0:05:59]} Bg4 {[%emt 0:04:38]} 5. Bxc4 {[%emt 0:01:16]} e6 {[%emt 0:00:04]} 6. O-O {[%emt 0:03:20]} Nf6 {[%emt 0:13:00]} 7. b3 {[%emt 0:01:31]} Nc6 {[%emt 0:06:55]} 8. Bb2 {[%emt 0:02:21]} Bd6 {[%emt 0:01:26]} 9. Be2 {[%emt 0:04:49]} O-O {[%emt 0:06:52]} 10. Nbd2 {[%emt 0:01:24]} Re8 {[%emt 0:17:41]} 11. Ne5 {[%emt 0:04:16]} Bxe5 {[%emt 0:01:41]} 12. Bxg4 {[%emt 0:09:02]} Nxg4 {[%emt 0:05:31]} 13. Qxg4 {[%emt 0:00:03]} f5 {[%emt 0:00:02]} 14. Qe2 {[%emt 0:05:54]} Bf6 {[%emt 0:00:04]} 15. Rac1 {[%emt 0:03:43]} e5 {[%emt 0:09:39]} 16. dxe5 {[%emt 0:02:41]} Nxe5 {[%emt 0:02:39]} 17. Bxe5 {[%emt 0:07:13]} Bxe5 {[%emt 0:00:09]} 18. Nf3 {[%emt 0:01:00]} Bd6 {[%emt 0:00:18]} 19. Qc4+ {[%emt 0:08:08]} Kh8 {[%emt 0:00:34]} 20. Rfd1 {[%emt 0:00:46]} Qf6 {[%emt 0:02:06]} 21. Qd5 {[%emt 0:01:04]} Rab8 {[%emt 0:01:54]} 22. Rd4 {[%emt 0:01:32]} Re7 {[%emt 0:03:23]} 23. Qc4 {[%emt 0:06:13]} Rbe8 {[%emt 0:02:11]} 24. g3 {[%emt 0:01:54]} g6 {[%emt 0:01:12]} 25. Qd3 {[%emt 0:02:33]} Kg7 {[%emt 0:06:03]} 26. Kg2 {[%emt 0:07:31]} Re4 {[%emt 0:03:12]} 27. Rd5 {[%emt 0:02:54]} R4e6 {[%emt 0:00:08]} 28. Rd1 {[%emt 0:02:06]} Qb2 {[%emt 0:01:11]} 29. Rd2 {[%emt 0:00:30]} Qf6 {[%emt 0:00:06]} 30. Rd1 {[%emt 0:00:45]} Qb2 {[%emt 0:00:23]} 31. Rd2 {[%emt 0:00:42]} Qf6 {[%emt 0:00:07]} 1/2-1/2

[Event "BAN-chT SAIF POWERTEC 2020"]
[Site "Dhaka"]
[Date "2021.03.29"]
[Round "11.4"]
[White "Mohammed Abdul, Malek"]
[Black "Rahman, Ziaur"]
[Result "0-1"]
[WhiteElo "2134"]
[BlackElo "2419"]
[Annotator "NA"]
[PlyCount "66"]
[EventDate "2021.03.19"]
[EventType "team-tourn"]
[EventCountry "BAN"]
[SourceTitle "playchess.com"]
[Source "ChessBase"]
[SourceQuality "1"]
[TimeControl "5400+30"]

{[%evp 18,58,9,-15,-5,-10,-19,-18,32767,-7,10,-11,0,-56,-45,-31,-42,-61,-43,-59,-43,-62,-71,-106,-111,-171,-182,-172,-195,-210,-235,-265,-249,-270,-327,-315,-345,-310,-154,-166,-150,-193,-229]} 1. d4 {[%emt 0:00:00]} d5 {[%emt 0:00:25]} 2. Nf3 {[%emt 0:00:00]} Nf6 {[%emt 0:00:17]} 3. c4 {[%emt 0:00:39]} e6 {[%emt 0:00:10]} 4. Nc3 {[%emt 0:00:06]} c6 {[%emt 0:00:45]} 5. e3 {[%emt 0:00:12]} Nbd7 {[%emt 0:00:06]} 6. Bd3 {[%emt 0:00:08]} dxc4 {[%emt 0:00:26]} 7. Bxc4 {[%emt 0:00:03]} b5 {[%emt 0:00:06]} 8. Bd3 {[%emt 0:00:44]} Bb7 {[%emt 0:00:06]} 9. O-O {[%emt 0:02:58]} a6 {[%emt 0:02:30]} 10. a4 {[%emt 0:07:45]} b4 {[%emt 0:02:04]} 11. Ne4 {[%emt 0:00:25]} c5 {[%emt 0:00:30]} 12. Nxf6+ {[%emt 0:01:14]} Nxf6 {[%emt 0:01:01]} 13. a5 {[%emt 0:03:06]} cxd4 {[%emt 0:01:13]} 14. Qa4+ {[%emt 0:03:17]} Qd7 {[%emt 0:03:45]} 15. Nxd4 {[%emt 0:01:23]} e5 {[%emt 0:01:38]} 16. Qxd7+ {[%emt 0:03:07]} Nxd7 {[%emt 0:00:09]} 17. Ne2 {[%emt 0:03:38]} Nc5 {[%emt 0:13:01]} 18. Bc4 {[%emt 0:01:08]} Rd8 {[%emt 0:00:57]} 19. Ng3 {[%emt 0:02:30]} h5 {[%emt 0:01:19]} 20. f3 {[%emt 0:09:01]} h4 {[%emt 0:01:06]} 21. Ne2 {[%emt 0:00:11]} (21. Ne4 $17 {was called for.}) 21... Bd5 {[%emt 0:02:08]} 22. Bxd5 {[%emt 0:02:00]} Rxd5 {[%emt 0:01:45]} 23. h3 {[%emt 0:15:04]} Nb3 {[%emt 0:01:00]} 24. e4 {[%emt 0:03:35]} Rc5 {[%emt 0:01:15]} ({Not} 24... Rxa5 25. Rxa5 Nxa5 26. Rd1 $17) 25. Rb1 {[%emt 0:03:32]} Rc2 {[%emt 0:02:26]} ({Not} 25... Rxa5 26. Be3 $17) 26. Kf2 {[%emt 0:05:49] [#]} Bc5+ $1 {[%emt 0:01:59]} ({Not} 26... Nxa5 27. b3 $17) 27. Be3 {[%emt 0:00:10]} Bxe3+ {[%emt 0:02:22]} (27... Nd4 $19 {has better winning chances.} 28. Rfe1 b3) 28. Kxe3 {[%emt 0:00:02]} Rh6 {[%emt 0:01:23]} ({Not} 28... Nxa5 29. Rfc1 $15) 29. Rfd1 {[%emt 0:16:24]} Nxa5 $19 {[%emt 0:08:24]} 30. Rd5 {[%emt 0:04:15]} Nc4+ {[%emt 0:00:34]} 31. Kd3 {[%emt 0:00:27]} b3 {[%emt 0:00:35]} 32. Nc1 {[%emt 0:04:16]} Rc6 {[%emt 0:01:58]} 33. Nxb3 {[%emt 0:03:05]} Nxb2+ {[%emt 0:49:07]} 0-1

[Event "BAN-chT SAIF POWERTEC 2020"]
[Site "Dhaka"]
[Date "2021.03.29"]
[Round "11.5"]
[White "Chowdhury, Sohel"]
[Black "Aronyak Ghosh"]
[Result "0-1"]
[WhiteElo "2149"]
[BlackElo "2436"]
[Annotator "NA"]
[PlyCount "102"]
[EventDate "2021.03.19"]
[EventType "team-tourn"]
[EventCountry "BAN"]
[SourceTitle "playchess.com"]
[Source "ChessBase"]
[SourceQuality "1"]
[TimeControl "5400+30"]

{[%evp 8,102,55,45,56,34,41,32767,26,12,22,0,0,-62,-52,32767,-52,-86,-66,-62,-73,-71,-70,-64,-49,-52,-52,-60,-76,-80,-73,-87,-77,-92,-65,-71,-62,-76,-75,-77,-85,32767,-204,-209,-157,-183,-174,-156,32767,-153,-135,-137,-164,32767,32767,32767,32767,32767,32767,32767,32767,32767,32767,32767,32767,32767,32767,32767,32767,32767,32767,32767,32767,32767,32767,32767,32767,32767,32767,32767,32767,32767,32767,32767,32767,32767,32767,32767,32767,32767,32767,-5908,-29976,32767,32767,32767,-29978]} 1. e4 {[%emt 0:00:00]} Nf6 {[%emt 0:03:19]} 2. e5 {[%emt 0:00:52]} Nd5 {[%emt 0:00:09]} 3. d4 {[%emt 0:00:11]} d6 {[%emt 0:00:05]} 4. Nf3 {[%emt 0:04:15]} dxe5 {[%emt 0:00:25]} 5. Nxe5 {[%emt 0:00:07]} c6 {[%emt 0:00:05]} 6. c3 {[%emt 0:00:56]} g6 {[%emt 0:02:41]} 7. Qf3 {[%emt 0:01:44]} Be6 {[%emt 0:01:32]} 8. Nd2 {[%emt 0:02:44]} Nd7 {[%emt 0:04:58]} 9. Ndc4 {[%emt 0:08:27]} Bg7 {[%emt 0:01:50]} 10. Bd3 {[%emt 0:01:42]} ({White should play} 10. Be2 $11) 10... Nxe5 {[%emt 0:05:23]} 11. Nxe5 {[%emt 0:00:25]} O-O {[%emt 0:00:20]} 12. Qe2 {[%emt 0:00:45] [#]} c5 $1 {[%emt 0:01:49]} 13. Nf3 {[%emt 1:14:22]} cxd4 {[%emt 1:13:54]} 14. Nxd4 {[%emt 0:00:30] [#]} Nb4 $1 {[%emt 0:00:30]} 15. O-O {[%emt 0:00:30]} Nxd3 {[%emt 0:00:00]} 16. Qxd3 {[%emt 0:00:30]} Rc8 {[%emt 0:01:00]} 17. Re1 {[%emt 0:00:30]} Bc4 {[%emt 0:00:30]} 18. Qe4 {[%emt 0:00:30]} e5 {[%emt 0:00:30]} 19. Nf3 {[%emt 0:00:30]} Bd5 {[%emt 0:00:30]} 20. Qe2 {[%emt 0:00:30]} e4 {[%emt 0:00:30]} 21. Nd4 {[%emt 0:00:30]} f5 {[%emt 0:00:30]} 22. Nc2 {[%emt 0:00:30]} Bc4 {[%emt 0:00:30]} 23. Qe3 {[%emt 0:00:30]} a5 {[%emt 0:00:30]} 24. Na3 {[%emt 0:00:30]} Bd3 {[%emt 0:00:30]} 25. Qg3 {[%emt 0:00:30]} b5 {[%emt 0:00:30]} 26. Bg5 {[%emt 0:00:30]} Qb6 {[%emt 0:00:30]} 27. Rad1 {[%emt 0:00:30]} b4 {[%emt 0:00:30]} 28. Nb1 {[%emt 0:00:30]} Qb5 {[%emt 0:00:00]} 29. h4 {[%emt 0:00:00]} h6 {[%emt 0:01:00]} 30. Bf4 {[%emt 0:01:00]} Kh7 {[%emt 0:00:30]} 31. Bd6 {[%emt 0:00:30]} Rfd8 {[%emt 0:00:30]} 32. cxb4 {[%emt 0:00:00]} axb4 {[%emt 0:00:30]} 33. a3 {[%emt 0:01:00]} Bc2 {[%emt 0:00:30]} 34. Rc1 {[%emt 0:00:30]} b3 {[%emt 0:00:30]} 35. Nc3 {[%emt 0:00:30]} Rxc3 {[%emt 0:00:30]} 36. bxc3 {[%emt 0:00:00]} b2 {[%emt 0:00:30]} 37. Bb4 {[%emt 0:01:00]} bxc1=Q {[%emt 0:00:00]} 38. Rxc1 {[%emt 0:00:30]} Bd3 {[%emt 0:00:00]} 39. h5 {[%emt 0:00:30]} g5 {[%emt 0:01:30]} 40. Qc7 {[%emt 0:01:00]} Qd7 {[%emt 0:00:30]} 41. Qb6 {[%emt 0:00:30]} Rc8 {[%emt 0:00:30]} 42. a4 {[%emt 0:00:30]} Rc6 {[%emt 0:00:30]} 43. Qb8 {[%emt 0:00:30]} f4 {[%emt 0:00:30]} 44. a5 {[%emt 0:00:30]} Qg4 {[%emt 0:00:30]} 45. Re1 {[%emt 0:00:30]} f3 {[%emt 0:00:00]} 46. Qg3 {[%emt 0:00:30]} Qxg3 47. fxg3 g4 {[%emt 0:01:30]} 48. gxf3 {[%emt 0:00:00]} gxf3 {[%emt 0:00:30]} 49. Kf2 {[%emt 0:02:00]} Bxc3 {[%emt 0:00:00]} 50. Bxc3 {[%emt 0:00:00]} Rxc3 {[%emt 0:00:00]} 51. Ra1 {[%emt 0:01:00]} Rc2+ {[%emt 0:01:30]} 0-1

[Event "BAN-chT SAIF POWERTEC 2020"]
[Site "Dhaka"]
[Date "2021.03.29"]
[Round "11.6"]
[White "Subhayan Kundu"]
[Black "Puranik, Abhimanyu"]
[Result "1/2-1/2"]
[WhiteElo "2305"]
[BlackElo "2584"]
[Annotator "ChessBase"]
[PlyCount "117"]
[EventDate "2021.03.19"]
[EventType "team-tourn"]
[EventCountry "BAN"]
[SourceTitle "playchess.com"]
[Source "ChessBase"]
[SourceQuality "1"]
[TimeControl "5400+30"]

1. e4 {[%emt 0:03:15]} e5 {[%emt 0:00:00]} 2. Nf3 {[%emt 0:00:15]} Nc6 {[%emt 0:00:00]} 3. Bc4 {[%emt 0:00:05]} Bc5 {[%emt 0:00:10]} 4. c3 {[%emt 0:00:09]} Nf6 {[%emt 0:00:11]} 5. d3 {[%emt 0:00:06]} d6 {[%emt 0:00:35]} 6. Nbd2 {[%emt 0:00:13]} a6 {[%emt 0:00:38]} 7. Bb3 {[%emt 0:00:06]} Ba7 {[%emt 0:00:49]} 8. h3 {[%emt 0:00:19]} Be6 {[%emt 0:01:20]} 9. Nf1 {[%emt 0:00:46]} d5 {[%emt 0:03:15]} 10. Qe2 {[%emt 0:02:54]} d4 {[%emt 0:09:17]} 11. Bxe6 {[%emt 0:05:40]} fxe6 {[%emt 0:00:03]} 12. cxd4 {[%emt 0:04:12]} Nxd4 {[%emt 0:03:53]} 13. Nxd4 {[%emt 0:00:02]} Bxd4 {[%emt 0:00:47]} 14. Be3 {[%emt 0:03:33]} Qd6 {[%emt 0:01:57]} 15. Bxd4 {[%emt 0:09:55]} Qxd4 {[%emt 0:00:18]} 16. Ne3 {[%emt 0:00:32]} O-O-O {[%emt 0:03:06]} 17. O-O-O {[%emt 1:06:28]} Rd6 {[%emt 1:12:11]} 18. Kb1 {[%emt 0:00:00]} Rhd8 {[%emt 0:00:30]} 19. Nc4 {[%emt 0:01:00]} R6d7 {[%emt 0:00:30]} 20. Rhe1 {[%emt 0:00:30]} Qc5 {[%emt 0:00:30]} 21. Rd2 {[%emt 0:00:30]} Rd4 {[%emt 0:00:00]} 22. Rc1 {[%emt 0:00:30]} Kb8 {[%emt 0:01:00]} 23. Na3 {[%emt 0:00:30]} Qb6 {[%emt 0:00:00]} 24. Nc4 {[%emt 0:00:00]} Qb5 {[%emt 0:01:00]} 25. Na3 {[%emt 0:01:00]} Qd7 {[%emt 0:00:30]} 26. Nc4 {[%emt 0:00:30]} Qb5 {[%emt 0:00:00]} 27. Na3 {[%emt 0:00:30]} Qe8 {[%emt 0:01:00]} 28. Nc4 {[%emt 0:00:30]} Nd7 {[%emt 0:00:30]} 29. Qe3 {[%emt 0:00:30]} Qf8 {[%emt 0:00:30]} 30. g3 {[%emt 0:00:30]} Qf6 {[%emt 0:00:30]} 31. f4 {[%emt 0:00:30]} exf4 {[%emt 0:00:00]} 32. gxf4 {[%emt 0:00:30]} e5 {[%emt 0:00:00]} 33. Rf2 {[%emt 0:00:30]} Qe7 {[%emt 0:01:30]} 34. Rfc2 {[%emt 0:00:30]} c6 {[%emt 0:00:30]} 35. Na5 {[%emt 0:00:30]} Ka8 {[%emt 0:00:00]} 36. Rxc6 {[%emt 0:00:30]} bxc6 {[%emt 0:00:00]} 37. Nxc6 {[%emt 0:00:30]} Qe8 {[%emt 0:00:00]} 38. fxe5 {[%emt 0:00:00]} Nxe5 {[%emt 0:02:00]} 39. Nxd4 {[%emt 0:00:00]} Qd7 {[%emt 0:00:30]} 40. Rc5 {[%emt 0:00:00]} Qxd4 {[%emt 0:00:00]} 41. Qxd4 {[%emt 0:00:00]} Rxd4 {[%emt 0:00:00]} 42. Rxe5 {[%emt 0:00:00]} Rxd3 {[%emt 0:01:30]} 43. h4 {[%emt 0:00:00]} Rh3 {[%emt 0:00:00]} 44. h5 {[%emt 0:00:00]} Kb7 {[%emt 0:00:00]} 45. Kc2 {[%emt 0:00:00]} Kb6 {[%emt 0:00:00]} 46. b4 {[%emt 0:04:30]} g6 {[%emt 0:00:00]} 47. hxg6 {[%emt 0:00:00]} hxg6 {[%emt 0:00:00]} 48. a4 {[%emt 0:00:00]} Rg3 {[%emt 0:00:00]} 49. Re6+ {[%emt 0:00:00]} Kb7 {[%emt 0:00:00]} 50. a5 {[%emt 0:02:00]} g5 {[%emt 0:00:00]} 51. Rb6+ {[%emt 0:00:00]} Ka7 {[%emt 0:00:00]} 52. Rg6 {[%emt 0:00:00]} Re3 {[%emt 0:00:19]} 53. Rg7+ {[%emt 0:00:00]} Kb8 {[%emt 0:00:08]} 54. Re7 {[%emt 0:00:00]} g4 {[%emt 0:00:43]} 55. Kd2 {[%emt 0:00:00]} Rb3 {[%emt 0:00:08]} 56. e5 {[%emt 0:00:08]} g3 {[%emt 0:01:03]} 57. Rg7 {[%emt 0:00:18]} Kc8 {[%emt 0:00:27]} 58. Kc2 {[%emt 0:01:44]} Rxb4 {[%emt 0:00:43]} 59. Rxg3 {[%emt 0:02:20]} 1/2-1/2

[Event "BAN-chT SAIF POWERTEC 2020"]
[Site "Dhaka"]
[Date "2021.03.29"]
[Round "11.7"]
[White "Narayanan.S.L"]
[Black "Shawket Bin, Osman Shaon"]
[Result "1-0"]
[WhiteElo "2618"]
[BlackElo "1982"]
[Annotator "TA"]
[PlyCount "71"]
[EventDate "2021.03.19"]
[EventType "team-tourn"]
[EventCountry "BAN"]
[SourceTitle "playchess.com"]
[Source "ChessBase"]
[SourceQuality "1"]

{[%evp 17,71,56,36,18,20,11,18,0,5,20,16,11,14,25,32,29,43,43,145,161,168,106,100,93,114,117,259,252,243,221,219,195,222,177,173,179,187,166,283,295,265,285,268,270,308,323,318,313,316,301,406,359,490,492,486,476]} 1. e4 e5 2. Nf3 Nc6 3. Bb5 a6 4. Ba4 Nf6 5. O-O b5 6. Bb3 Bc5 7. a4 Rb8 8. c3 d6 9. d4 Bb6 10. a5 $1 {[%mdl 4] is recently more successful than 10.axb5. C78: Ruy Lopez: Archangelsk and Möller Defences.} Ba7 (10... Bxa5 $2 11. dxe5 dxe5 12. Qxd8+ Kxd8 13. Bd5 $18 (13. Bxf7 Bb6 $16)) 11. h3 O-O 12. Be3 {The position is equal.} exd4 13. cxd4 Nb4 14. Nc3 Bb7 15. Qb1 $5 {[%mdl 4] [#] Exploring less charted territory.} d5 $146 {[%cal Rd5e4]} ({Predecessor:} 15... h6 16. Re1 Re8 17. e5 Nfd5 18. Qf5 Re6 19. Rad1 Nxe3 20. Rxe3 d5 21. Ne2 Bc8 {1-0 (77) Lobanov,S (2510)-Mikaelyan,A (2485) Yerevan 2021}) 16. e5 {aiming for Bg5.} Ne4 17. Rd1 Qd7 ({Better is} 17... Kh8 $14) 18. Nxe4 $1 $16 dxe4 {[#]} 19. Ng5 (19. d5 $1 $18 Bxe3 (19... exf3 20. Bxa7) 20. Qxe4) 19... Qf5 {[#]} 20. f3 $1 h6 21. Nxe4 {And now Nf6+! would win.} ({Worse is} 21. fxe4 Qg6 $15) 21... Qh5 {Black cannot hold the game after this.} (21... Qh7 $16 22. Bc2 Nxc2 23. Qxc2 Rbc8) 22. Ng3 $18 Qh4 23. Nf5 Qh5 24. Kh2 {g4 is the strong threat.} Kh8 25. g4 Qg6 26. d5 $36 {[%mdl 2048] White is on the roll.} Bxe3 27. Nxe3 Qg5 (27... c5 $142) 28. Qe4 c5 29. f4 Qh4 30. Rd2 c4 {intending ...Nxd5.} 31. Bc2 Nxc2 32. Rxc2 ({Resist} 32. Nxc2 $6 Rbd8 $18) ({Don't do} 32. Qxc2 $6 Qe7 $18) 32... Qd8 33. Qd4 Rc8 34. Rd1 c3 {If only Black now had time for ...cxb2....} 35. b4 Qd7 36. Rd3 {Weighted Error Value: White=0.09/Black=0.28} 1-0

[Event "BAN-chT SAIF POWERTEC 2020"]
[Site "Dhaka"]
[Date "2021.03.29"]
[Round "11.8"]
[White "Asif, Mahmud"]
[Black "Chatterjee, Debaraj"]
[Result "0-1"]
[WhiteElo "1907"]
[BlackElo "2223"]
[Annotator "NA"]
[PlyCount "90"]
[EventDate "2021.03.19"]
[EventType "team-tourn"]
[EventCountry "BAN"]
[SourceTitle "playchess.com"]
[Source "ChessBase"]
[SourceQuality "1"]
[TimeControl "5400+30"]

1. d4 {[%emt 0:00:00]} Nf6 {[%emt 0:02:00]} 2. c4 {[%emt 0:00:17]} c5 {[%emt 0:00:19]} 3. d5 {[%emt 0:00:45]} e6 {[%emt 0:00:24]} 4. Nf3 {[%emt 0:01:39]} exd5 {[%emt 0:00:30]} 5. cxd5 {[%emt 0:00:14]} d6 {[%emt 0:00:16]} 6. e4 {[%emt 0:02:55]} g6 {[%emt 0:01:50]} 7. Bd3 {[%emt 0:01:27]} Bg7 {[%emt 0:00:21]} 8. O-O {[%emt 0:02:03]} O-O {[%emt 0:00:08]} 9. h3 {[%emt 0:01:55]} b5 {[%emt 0:03:02] 9...c4 deserves study.} 10. Re1 {[%emt 0:02:51]} Bd7 {[%emt 0:09:10] [#]} (10... Ba6 $14) 11. Bf4 $146 {[%emt 0:05:45]} ({Predecessor:} 11. a4 bxa4 12. Nc3 Nh5 13. Bg5 Bf6 14. Bh6 Bg7 15. Bg5 Bf6 16. Be3 Re8 17. g4 {1-0 (31) Yakovich,Y (2585)-Wojtaszek,R (2553) Moscow 2005}) 11... Qb6 {[%emt 0:01:00]} 12. Qc2 {[%emt 0:05:54]} Na6 {[%emt 0:01:01]} 13. a3 {[%emt 0:03:49]} (13. Bf1 $1 $14) 13... c4 {[%emt 0:12:36]} 14. Bf1 {[%emt 0:00:47]} Rac8 {[%emt 0:02:26]} 15. Nbd2 {[%emt 0:05:59]} (15. a4 $1 $11) 15... Nh5 {[%emt 0:06:21]} (15... Nc5 $15) 16. Be3 {[%emt 0:01:18]} Qb7 {[%emt 0:02:46]} 17. Bd4 {[%emt 0:06:27]} ({White should try} 17. a4 $14) 17... Bxd4 {[%emt 0:01:46]} 18. Nxd4 {[%emt 0:00:14]} Nf4 {[%emt 0:01:08]} (18... Qb6 $11 {remains equal.} 19. N2f3 Nc5) 19. N2f3 {[%emt 0:10:20]} Nc5 {[%emt 0:19:18]} 20. Qd2 {[%emt 0:07:48]} Nfd3 {[%emt 0:01:33]} 21. Bxd3 {[%emt 0:12:01]} Nxd3 {[%emt 0:00:05]} 22. Re2 $11 {[%emt 0:01:28]} f6 {[%emt 0:03:29]} 23. b3 {[%emt 0:02:43]} Ne5 {[%emt 0:02:37]} 24. bxc4 {[%emt 0:02:58]} Rxc4 {[%emt 0:04:29]} 25. Rc1 {[%emt 0:05:27]} Rfc8 {[%emt 0:01:50]} 26. Rxc4 {[%emt 0:00:28]} bxc4 {[%emt 0:05:50]} 27. Qc3 {[%emt 0:04:50]} Qb1+ {[%emt 0:07:02]} 28. Re1 {[%emt 0:02:56]} Qd3 {[%emt 0:00:24]} 29. Qxd3 {[%emt 0:05:18]} Nxd3 {[%emt 0:01:40]} 30. Rb1 {[%emt 0:00:44]} c3 {[%emt 0:01:40]} 31. Nc2 {[%emt 0:00:39]} Ba4 {[%emt 0:00:54]} 32. Nfd4 {[%emt 0:00:23]} Re8 {[%emt 0:02:48]} 33. f3 {[%emt 0:00:22]} f5 {[%emt 0:00:15]} 34. exf5 {[%emt 0:01:54]} Bxc2 {[%emt 0:00:19]} 35. Nxc2 {[%emt 0:00:12]} Re2 {[%emt 0:00:07]} 36. Nd4 {[%emt 0:00:22]} Rb2 {[%emt 0:01:22]} 37. Rd1 {[%emt 0:00:50]} Rd2 {[%emt 0:01:05]} 38. Rb1 {[%emt 0:01:02]} Nc5 {[%emt 0:00:44]} 39. Rb8+ {[%emt 0:01:30]} Kg7 {[%emt 0:02:12]} 40. Ne6+ {[%emt 0:00:23]} Nxe6 {[%emt 0:00:25]} 41. dxe6 {[%emt 0:00:47]} c2 {[%emt 0:00:23]} 42. Rb7+ {[%emt 0:00:20]} Kf6 {[%emt 0:02:01]} 43. Rf7+ {[%emt 0:00:27]} Kg5 {[%emt 0:00:53]} 44. h4+ {[%emt 0:00:51]} Kf4 {[%emt 0:00:48]} 45. fxg6+ {[%emt 0:00:02]} Kg3 {[%emt 0:00:01]} 0-1

[Event "BAN-chT SAIF POWERTEC 2020"]
[Site "Dhaka"]
[Date "2021.03.29"]
[Round "11.9"]
[White "Gukesh D"]
[Black "Alam, Monjur"]
[Result "1-0"]
[WhiteElo "2563"]
[BlackElo "1853"]
[Annotator "TA"]
[PlyCount "54"]
[EventDate "2021.03.19"]
[EventType "team-tourn"]
[EventCountry "BAN"]
[SourceTitle "playchess.com"]
[Source "ChessBase"]
[SourceQuality "1"]

{[%evp 16,54,69,43,53,41,65,52,58,57,66,41,98,64,77,68,84,64,107,104,89,64,166,183,368,267,365,348,397,300,414,297,629,710,782,766,732,750,723,714,1257]} 1. c4 Nf6 2. Nc3 g6 3. d4 Bg7 4. e4 d6 5. h3 O-O 6. Be3 Nc6 7. Nf3 e5 8. d5 Ne7 9. g4 Ne8 {E90: King's Indian: Classical: Early deviations and 6 h3.} 10. Rg1 {[#]} Kh8 $146 ({Predecessor:} 10... h6 11. Qd2 Kh7 12. O-O-O a6 13. h4 f6 14. Be2 b5 15. g5 h5 16. gxf6 Bxf6 17. Ng5+ {0-1 (44) Vingris,M (1858)-Iunusov,N (1483) Tornelo INT 2020}) 11. Bd3 f5 {White is slightly better.} 12. gxf5 gxf5 13. exf5 Bxf5 (13... Nxf5 $14 14. Qe2 Nxe3 15. fxe3 Bh6) 14. Ng5 Qd7 15. Bxf5 Qxf5 16. Ne6 Rg8 17. Rg5 Qf7 18. Ne4 Bf6 {[#]} (18... Bh6 $1 $14) 19. Qf3 $1 $18 Ng6 $2 (19... Rg6 {was worth a try.} 20. Nxc7 Nxc7) 20. O-O-O Qe7 21. Rh5 Nf8 22. Rh6 {[%cal Re4f6]} Nxe6 23. dxe6 {[%cal Re4f6]} ({Not} 23. Nxf6 Rf8 $14) 23... Rf8 {[#]} (23... Rg6 24. Rxg6 hxg6) 24. Qh5 {White is clearly winning.} Qg7 25. Bg5 Bxg5+ 26. Nxg5 {[%cal Rh6h7]} ({Don't blunder} 26. Qxg5 $2 Rf4 $19) 26... Nf6 27. Qh4 Rad8 {Weighted Error Value: White=0.23/Black=0.72} 1-0